| 000 | 01303cam a22002174a 4500 | ||
|---|---|---|---|
| 005 | 20250605163958.0 | ||
| 008 | 250528s ||||||||||||||||||||||||d | ||
| 035 | _a15539 | ||
| 020 | _a205117244 | ||
| 040 |
_aGR-AtMCL _bgre _dGR-AtMCL _eAACR2 |
||
| 245 | 1 | _aProduction and Operations Management | |
| 260 |
_bAddison-Wesley Publishing Company, _c1989 |
||
| 300 | _a846 | ||
| 505 | 0 | _aIntroduction, Supply and Demand, Capital Investment, Forecasting, Modifying Capacity, Facility Location, The Operations Network, Facility Layout, Waiting Line Modes, Use of Capacity Resources, Project Scheduling, Linear Programming, The Simplex Method, Aggregate Planning, Inventory Management, Operations Scheduling, Quality Management, Appendices, Answer to Selected Problems, Index. | |
| 520 | _aIntroduction, Supply and Demand, Capital Investment, Forecasting, Modifying Capacity, Facility Location, The Operations Network, Facility Layout, Waiting Line Modes, Use of Capacity Resources, Project Scheduling, Linear Programming, The Simplex Method, Aggregate Planning, Inventory Management, Operations Scheduling, Quality Management, Appendices, Answer to Selected Problems, Index. | ||
| 700 | 1 |
_aGershon Mark E _91491 |
|
| 700 | 1 |
_aWeiss Howard J _91492 |
|
| 942 | _cBK | ||
| 999 |
_c1113 _d1113 |
||